Estatísticas para Países da Oceania

Clique aqui para jogar o quiz

Estatísticas Gerais

  • Esse quiz foi jogado 24 384 vezes
  • A pontuação média é 11 de 14

Respostas no mapa

Respostas codificadas por cores de uma escala verde-vermelha no mapa do quiz de acordo com a % correta abaixo.
Carregando ...
 

Estatísticas das Respostas

País% Correto
Austrália
100%
Nova Zelândia
97%
Papua Nova Guiné
88%
Fiji
84%
Estados Federados da
Micronésia
79%
Ilhas Marshall
78%
Ilhas Salomão
76%
Tuvalu
73%
Palau
72%
Vanuatu
71%
Kiribati
70%
Samoa
70%
Tonga
68%
Nauru
67%

Distribuição das Pontuações

Percentil de Números Respondidos

Porcentagem de Pessoas com Cada Pontuação

Sua Pontuação Histórica

Você não jogou esse quiz